000 00282nam a22001217a 4500
008 170927b xxu||||| |||| 00| 0 eng d
041 _aeng
080 _a37
100 _a46
101 _aEDU
245 _aTHE MANY FACES OF DEVELOPMENTAL EDUCATION
_cHIGBEE, J,.L
942 _2udc
_cBK
999 _c30162
_d30162